River Phoenix Filmography - Statistics

General Stats
  • This quiz has been taken 86 times
    67 since last reset
  • The average score is 11 of 26
Answer Stats
Type Year Name % Correct
Film 1986 Stand by Me
92%
Music Video 1986 Stand by Me
92%
Film 1991 My Own Private Idaho
87%
Film 1988 Running on Empty
79%
Film 1989 Indiana Jones and the Last Crusade
66%
Film 1985 Explorers
63%
Film 1986 The Mosquito Coast
63%
Film 1992 Sneakers
53%
Film 1990 I Love You to Death
50%
Film 1988 Little Nikita
50%
Film 1988 A Night in the Life of Jimmy Reardon
47%
Film 2012 Dark Blood
47%
Film 1991 Dogfight
47%
Film 1993 The Thing Called Love
39%
Film 1993 Silent Tongue
32%
TV Show 1982-1983 Seven Brides for Seven Brothers
29%
TV Film 1985 Surviving: A Family in Crisis
24%
TV Show 1985 Family Ties
21%
Music Video 1992 Breaking the Girl
18%
TV Mini-Series 1984 Celebrity
18%
TV Film 1986 Circle of Violence: A Family Drama
18%
TV Show 1984 Hotel
18%
TV Show 1984 ABC Afterschool Specials
13%
TV Show 1984 It's Your Move
13%
TV Mini-Series 1985 Robert Kennedy and His Times
13%
Commercial 1988 PETA
11%
No matching quizzes found
Score Distribution
Percent of People with Each Score
Percentile by Number Answered
Your Score History
You have not taken this quiz since the last reset